Welke feiten en bijzonderheden horen bij Nederland - Sudden Death - Statistieken

Algemene statistieken
  • Deze quiz is 29 keer genomen
  • De gemiddelde score is 6 van 17
Answers on the Grid
Answers color-coded by a green-red scale on the quiz's grid according to % correct below.
Frietjes
Babbelaar
Antwerpen
Kaas
Tulpen
Stoofvlees
Poffertjes
Brabant
Tienen
Baarle-Nassau
Molens
Kamperen
Hema
Kusttram
Rotterdam
Klompen
Baarle-Hertog
Wielrennen
Dijken
Witlof
Fietsen
Strips
Wafels
Paling in het groen
Hagelslag
Oliebol
Frikandel
Vol-au-vent
Drop
Haring
 
Antwoordstatistieken
Antwoord % Correct
Kaas
67%
Tulpen
60%
Babbelaar
40%
Dijken
40%
Fietsen
40%
Molens
40%
Rotterdam
40%
Baarle-Nassau
33%
Drop
33%
Frikandel
33%
Hagelslag
33%
Haring
33%
Hema
33%
Klompen
33%
Oliebol
33%
Poffertjes
33%
Kamperen
13%
Geen overeenkomende quizzen gevonden
Scoreverdeling
Procent van Mensen met Elke Score
Percentiel versus Aantal Correcte Antwoorden
Uw Scoregeschiedenis
U heeft deze quiz nog niet genomen